000 00880cam a2200289 a 4500
005 20260322212042.0
008 data
010 _a 95073270
020 _a1572940174
020 _a9781572940178
040 _aDLC
_cDLC
_dDLC
050 0 0 _aBF698.35.N44
_bK39 1996
082 0 0 _a155.2/32
_221
092 _a155.2 K39 1996
100 1 _aKaye, Zoie.
245 1 0 _aSaying "no" to negativity :
_bhow to manage negativity in yourself, your boss, and your co-workers /
_cZoie Kaye.
260 _aMission, Kan. :
_bSkillPath Publications,
_cc1996.
300 _avii, 68 p. ;
_c22 cm.
504 _aIncludes bibliographical references (p. 67-68).
650 0 _aNegativism.
906 _a7
_bcbc
_corignew
_d2
_eopcn
_f19
_gy-gencatlg
922 _aco
925 0 _aAcquire
_b2 shelf copies
_xpolicy default
985 _eGAP
001 data
999 _c977
_d977